| 000 | 00868nam a22002777a 4500 | ||
|---|---|---|---|
| 003 | CHAP | ||
| 005 | 20220329133827.0 | ||
| 008 | 971013s1957 r 00010 d | ||
| 010 | _a11483 | ||
| 011 | _a12455 | ||
| 035 | _a15641 | ||
| 040 | _cCHAP | ||
| 090 | _aFolleto 11969 | ||
| 245 | _aNotas sobre el Campo Agrícola Experimental el Horno, Chapingo, Méx. | ||
| 260 |
_aChapingo, Méx. : _bINIA. Campo Agrícola Experimental El Horno, _c1957 |
||
| 300 | _a6 h. | ||
| 500 | _aD14-76 | ||
| 590 |
_aBATCH-UPD _b10 _c20130110 _lUCH01 _h2032 |
||
| 590 |
_aBATCH-UPD _b10 _c20130410 _lUCH01 _h1348 |
||
| 590 |
_aCONVERSION _b10 _c20130109 _lUCH01 _h1308 |
||
| 650 | 1 | 4 |
_aAgricultura _xInvestigacion _zMexico (Edo.). _91707 |
| 650 | 1 | 4 |
_aAgricultura _zMexico (Edo.). _91934 |
| 901 | _aBK | ||
| 942 | _cFOLL | ||
| 949 |
_aFolleto 11969 _bBC _cFOLL _d-27849 _eTS1 _i15641 _mD _si |
||
| 999 |
_c11483 _d11483 |
||